Central banking in the modern world (Registro nro. 2447)
[ vista simple ]
| 000 -LEADER | |
|---|---|
| fixed length control field | 01799 a2200241 4500 |
| 001 - CONTROL NUMBER | |
| control field | 34448 |
| 005 - DATE AND TIME OF LATEST TRANSACTION | |
| control field | 20260407155631.0 |
| 008 - FIXED-LENGTH DATA ELEMENTS--GENERAL INFORMATION | |
| fixed length control field | 260407a2004 arg spa d |
| 003 - CONTROL NUMBER IDENTIFIER | |
| control field | AR-UNSa-BCEJYS |
| 040 ## - CATALOGING SOURCE | |
| Original cataloging agency | AR-UNSa-BCEJYS |
| Language of cataloging | spa |
| Transcribing agency | AR-UNSa-BCEJYS |
| 080 ## - UNIVERSAL DECIMAL CLASSIFICATION NUMBER | |
| Universal Decimal Classification number | 336.71 |
| Common auxiliary subdivision | Bancos. Sistema bancario |
| 020 ## - INTERNATIONAL STANDARD BOOK NUMBER | |
| International Standard Book Number | 1-84376-641-8 |
| 041 ## - LANGUAGE CODE | |
| Language code of text/sound track or separate title | spa |
| 100 1# - MAIN ENTRY--PERSONAL NAME | |
| Personal name | Lavoie, Marc |
| 245 10 - TITLE STATEMENT | |
| Title | Central banking in the modern world |
| Name of part/section of a work | alternative perspectives |
| 264 #1 - PRODUCTION, PUBLICATION, DISTRIBUTION, MANUFACTURE, AND COPYRIGHT NOTICE | |
| Place of production, publication, distribution, manufacture | Cheltenham : |
| Name of producer, publisher, distributor, manufacturer | Edward Elgar |
| Date of production, publication, distribution, manufacture, or copyright notice | 2004 |
| 300 ## - PHYSICAL DESCRIPTION | |
| Extent | xiii, 296 p. |
| Dimensions | 24 cm. |
| 505 ## - FORMATTED CONTENTS NOTE | |
| Formatted contents note | 1. The new consensus on monetary policy seen from a Post-Keynesian Perspective - 2. Central banking, stability and macroeconomic outcomes: A comparison of new consensus and Post-Keynesian monetary macroeconomics - 3. Interest rate operating procedures and income distribution - 4. Monetary policy when money is endogenous: Going Beyond the "New consensus" - 5. Monetary dialogue and dogma in the bank of Canada: Inside evidence revisited - 6. Interest rate policy at the bank of Canada: Setting the agenda Marc-André Pigeon - 7. Modern central banks only have real effects - 8. Central banking in the monetary circuit - 9. Long-Term interest rates, liquidity preference and the limits of central banking - 10. The role of monetary policy in Post-Keynesian - 11. The effectiveness of monetary policy in open economy macroeconomics: Dornbusch versus Tobin - 12. Minsky and Tobin on the instability of a monetary economy - 13. Considerations on Allan H. Meltzer`s history of the federal reserve - 14. Central banking in early industrialization |
| 590 ## - LOCAL NOTE (RLIN) | |
| Local note | niveau_biblio:m niveau_hierar:0 |
| 700 1# - ADDED ENTRY--PERSONAL NAME | |
| Personal name | Seccareccia, Mario |
| 856 41 - ELECTRONIC LOCATION AND ACCESS | |
| Uniform Resource Identifier | <a href="https://biblioeco.unsa.edu.ar/pmb/images/libros/centralBanking.jpg">https://biblioeco.unsa.edu.ar/pmb/images/libros/centralBanking.jpg</a> |
| Link text | Imagen de portada |
| Electronic format type | image/jpeg |
| 942 ## - ADDED ENTRY ELEMENTS (KOHA) | |
| Koha item type | |
| Withdrawn status | Lost status | Damaged status | Not for loan | Home library | Current library | Shelving location | Date acquired | Total checkouts | Full call number | Barcode | Date last seen | Price effective from | Koha item type |
|---|---|---|---|---|---|---|---|---|---|---|---|---|---|
| Biblioteca Prof. Eusebio Cleto del Rey | Biblioteca Prof. Eusebio Cleto del Rey | 07/04/2026 | 336.71 L414 | L125466 | 07/04/2026 | 07/04/2026 | Libro |